000 00437nam a22001697a 4500
005 20230117110518.0
008 220215b ||||| |||| 00| 0 eng d
020 _a8176480606
041 _aeng
082 _a610.36
_bKHA-H
100 _aKHAN , DR. MOHAMMAD AKBAR ALI
_97129
245 _aHOSPITAL MANAGEMENT
260 _aNEW DELHI
_bA.P.H PUBLICATION
_c1999
300 _a252 ; P.
650 _aPHARMACY
_xB.PHARMA
_97083
942 _cBK
999 _c7950
_d7948